000 00781cam a22002533a 4500
001 19255
003 PGUSA
005 20140828083416.0
008 060912s2006||||xxu|||||s|||||000 | eng d
040 _aPGUSA
_beng
042 _adc
050 4 _aDA
100 1 _aFitchett, W. H.
_q(William Henry),
_d1845-1928
245 1 0 _aDeeds that Won the Empire :
_bHistoric Battle Scenes
_h[electronic resource] /
_cW. H. Fitchett
260 _bProject Gutenberg,
_c2006
506 _aPublic domain in the USA.
516 _aElectronic text
653 _aBattles -- Great Britain
653 _aGreat Britain. -- Army -- History
653 _aGreat Britain -- History, Military
830 0 _aProject Gutenberg
_v19255
856 4 0 _uhttp://www.gutenberg.org/ebooks/19255
942 _cEB
999 _c248510
_d248510